Loading...
| Fine Arts - Other Fine Arts | 0 | 3 | 0 | 1 | 30 | 120 | 129.33 | 0 | 2 |
| History - European History | 0 | 3 | 0 | 0 | 30 | 80 | 97.33 | 0 | 1 |
| Fine Arts - Auditory Fine Arts | 0 | 3 | 1 | 1 | 25 | 110 | 125.67 | 0 | 2 |
| Pop Culture | 1 | 0 | 0 | 0 | 15 | 66 | 66.00 | 1 | 1 |
| Fine Arts - Visual Fine Arts | 1 | 1 | 2 | 1 | 15 | 65 | 101.50 | 1 | 2 |
| Social Science- Edited | 0 | 1 | 0 | 0 | 10 | 102 | 102.00 | 0 | 1 |
| Mythology | 0 | 1 | 0 | 0 | 10 | 135 | 135.00 | 0 | 0 |
| Other Academic | 0 | 1 | 0 | 0 | 10 | 129 | 129.00 | 0 | 0 |
| Philosophy | 0 | 1 | 0 | 0 | 10 | 111 | 111.00 | 0 | 0 |
| Science - Biology | 0 | 1 | 0 | 0 | 10 | 109 | 109.00 | 0 | 1 |
| Literature - European Literature | 0 | 1 | 1 | 1 | 5 | 139 | 139.00 | 1 | 1 |
| Social Science | 0 | 0 | 0 | 0 | 0 | 0.00 | 0 | 0 | |
| Literature - American Literature | 0 | 0 | 0 | 0 | 0 | 0.00 | 0 | 0 | |
| Popular Culture | 0 | 0 | 0 | 0 | 0 | 0.00 | 0 | 0 | |
| Literature - British Literature | 0 | 0 | 0 | 0 | 0 | 0.00 | 0 | 0 | |
| Religion | 0 | 0 | 0 | 0 | 0 | 0.00 | 0 | 0 | |
| Literature - World Literature | 0 | 0 | 1 | 0 | -5 | 0.00 | 0 | 0 | |
| History - World History | 0 | 0 | 1 | 0 | -5 | 0.00 | 0 | 0 |